Entry Personal Name
Number of records used in: 2
001 - CONTROL NUMBER
003 - CONTROL NUMBER IDENTIFIER
005 - DATE AND TIME OF LATEST TRANSACTION
- control field:
20200120134759.0
008 - FIXED-LENGTH DATA ELEMENTS
- fixed length control field:
000811n| azannaabn |n aaa
010 ## - LIBRARY OF CONGRESS CONTROL NUMBER
- LC control number:
n 00099858
040 ## - CATALOGING SOURCE
- Original cataloging agency:
DLC
- Language of cataloging:
eng
- Description conventions:
rda
- Transcribing agency:
DLC
- Modifying agency:
Uk
- Modifying agency:
DLC
046 ## - SPECIAL CODED DATES
100 1# - HEADING--PERSONAL NAME
- Personal name:
Meindl, Peter,
- Dates associated with a name:
1970-
670 ## - SOURCE DATA FOUND
- Source citation:
Chopra, Sunil. Supply chain management, 2001:
- Information found:
CIP t.p. (Peter Meindl, i2 Technologies) BL e-mail sent 10 Jan. 2001
670 ## - SOURCE DATA FOUND
- Source citation:
E-mail from author, 22 Jan. 2001
- Information found:
(Peter James Meindl, born 15 July 1970)